|
|
|
|
| LEADER |
00966nam a2200289 a 4500 |
| 001 |
000441727 |
| 003 |
CZ BrMZK |
| 005 |
20180831121036.0 |
| 007 |
ta |
| 008 |
980105s1984 xo f slo d |
| 040 |
|
|
|a BOA001
|b cze
|
| 072 |
|
7 |
|a 656
|x Doprava
|2 Konspekt
|9 4
|
| 080 |
|
|
|a 656.073.235
|2 MRF
|
| 080 |
|
|
|a 82-96
|2 MRF
|
| 080 |
|
|
|a (01)
|2 MRF
|
| 100 |
1 |
|
|a Sehnálková, Zuzana
|7 jx20050407053
|4 com
|
| 245 |
1 |
0 |
|a Kontejnery v doprave :
|b výberová bibliografia /
|c Zost. Zuzana Sehnálková.
|
| 260 |
|
|
|a Košice :
|b Štátna vedecká knižnica,
|c 1984
|
| 300 |
|
|
|a 111 s.
|
| 490 |
1 |
|
|a Séria A. Bibliografie ;
|v 11/84
|
| 650 |
0 |
7 |
|a kontejnerová přeprava
|7 ph455196
|2 czenas
|
| 650 |
0 |
7 |
|a odborná literatura
|7 ph115554
|2 czenas
|
| 655 |
|
7 |
|a bibliografie
|7 fd131898
|2 czenas
|
| 830 |
|
0 |
|a Séria A. Bibliografie
|
| 910 |
|
|
|a BOA001
|b 2-0883.123
|
| 990 |
|
|
|a BK
|
| 996 |
7 |
|
|b 2619706678
|c 2-0883.123
|l MZK
|r Sklad / do 1 hodiny
|n 7
|w 000441727
|u 000010
|a 1
|e BOA001
|j MZK50
|s A
|